Statistiques concernant Pays se terminant par ES

Cliquez ici pour prendre le quiz!

Statistiques générales

  • Ce quiz a été pris 150 fois
    (145 depuis la dernière actualisation)
  • Le résultat moyen est 4 sur 6

Statistiques - réponses

pays% Correct
Seychelles
81%
Maldives
80%
Comores
67%
Saint-Christophe-et-Niévès
58%
Philippines
55%
Saint-Vincent-et-les-Grenadines
50%

Distribution des résultats

Percentile par nombre de réponses

% des personnes avec chaque résultat

Votre développement - résultats

Vous n’avez pas pris ce quiz depuis la dernière actualisation